[Event "ISL-chT1 2122"]
[Site "Reykjavik"]
[Date "2021.10.02"]
[Round "4.1"]
[White "Thorgeirsson, Jon Kristinn"]
[Black "Heimisson, Hilmir Freyr"]
[Result "1-0"]
[WhiteElo "2257"]
[BlackElo "2286"]
[PlyCount "97"]
[EventDate "2021.09.30"]
[EventType "team-tourn"]
[EventRounds "10"]
[EventCountry "ISL"]
[SourceTitle "EXT 2022"]
[Source "ChessBase"]
[SourceDate "2021.10.06"]
[SourceVersion "1"]
[SourceVersionDate "2021.10.06"]
[SourceQuality "1"]
[WhiteTeam "Skakfelag Akureyrar"]
[BlackTeam "Skakdeild Fjolnis"]
[WhiteTeamCountry "ISL"]
[BlackTeamCountry "ISL"]

1. e4 e5 2. Nf3 Nf6 3. Nxe5 d6 4. Nf3 Nxe4 5. Nc3 Nxc3 6. dxc3 Be7 7. Bd3 Nc6 8. 0-0 Bg4 9. h3 Bh5 10. Bf4 Qd7 11. Re1 0-0-0 12. b4 Bf6 13. b5 Na5 14. Rb1 d5 15. Ne5 Bxd1 16. Nxd7 Rxd7 17. Rbxd1 g6 18. Be5 Bxe5 19. Rxe5 Rhd8 20. g4 c6 21. Kg2 Kc7 22. g5 Kd6 23. bxc6 bxc6 24. f4 Re7 25. Rxe7 Kxe7 26. Rb1 Kd6 27. Rb4 c5 28. Ra4 Nc6 29. c4 dxc4 30. Bxc4 Re8 31. Ra6 Re7 32. Bb5 Rc7 33. c4 Rc8 34. Kf3 Rc7 35. a4 Rc8 36. a5 Rc7 37. Bxc6 Rxc6 38. Rxa7 Ke6 39. Rb7 Rc8 40. Rb6+ Ke7 41. Ke4 Rd8 42. Ke5 h6 43. a6 hxg5 44. fxg5 Rd1 45. a7 Re1+ 46. Kd5 Rd1+ 47. Kc6 Ra1 48. Kb7 Kd7 49. a8Q 1-0

[Event "ISL-chT1 2122"]
[Site "Reykjavik"]
[Date "2021.10.01"]
[Round "2.1"]
[White "Thorgeirsson, Jon Kristinn"]
[Black "Einarsson, Halldor Gretar"]
[Result "1-0"]
[WhiteElo "2257"]
[BlackElo "2227"]
[PlyCount "117"]
[EventDate "2021.09.30"]
[EventType "team-tourn"]
[EventRounds "10"]
[EventCountry "ISL"]
[SourceTitle "EXT 2022"]
[Source "ChessBase"]
[SourceDate "2021.10.06"]
[SourceVersion "1"]
[SourceVersionDate "2021.10.06"]
[SourceQuality "1"]
[WhiteTeam "Skakfelag Akureyrar"]
[BlackTeam "Breidjablik Bolungarvik"]
[WhiteTeamCountry "ISL"]
[BlackTeamCountry "ISL"]

1. e4 c5 2. Nf3 Nc6 3. Bb5 g6 4. 0-0 Bg7 5. c3 Nf6 6. e5 Nd5 7. Re1 0-0 8. d4 cxd4 9. cxd4 Nc7 10. a4 a6 11. Bxc6 dxc6 12. a5 Bg4 13. Be3 c5 14. Ra4 Qd7 15. Nc3 Nb5 16. dxc5 Nxc3 17. bxc3 Qxd1 18. Rxd1 Bxf3 19. gxf3 Bxe5 20. Rd7 Rab8 21. Rxe7 Bxc3 22. Bf4 Rfe8 23. Rd7 Be5 24. Re4 Bxf4 25. Rxf4 f5 26. Rh4 h5 27. Rb4 Rec8 28. Rb6 Rxc5 29. Rxg6+ Kf8 30. Rh6 Kg8 31. Rxh5 Rxa5 32. Rdh7 Rf8 33. Rxb7 Rf7 34. Rxf7 Kxf7 35. Rh6 f4 36. Kg2 Rg5+ 37. Kf1 a5 38. Ke2 Rg6 39. Rh7+ Ke6 40. Ra7 Rg5 41. Ra6+ Kd7 42. Kd3 Kc7 43. Ke4 Kb7 44. Rd6 Rg2 45. h4 Rh2 46. Kxf4 Rxh4+ 47. Kg5 Rh8 48. f4 Rg8+ 49. Rg6 Ra8 50. f5 a4 51. Kh6 a3 52. Rg1 Rh8+ 53. Kg7 Rh5 54. f6 a2 55. Ra1 Rg5+ 56. Kf7 Ra5 57. Ke6 Ra4 58. f7 Re4+ 59. Kf5 1-0

[Event "ISL-chT1 1920"]
[Site "Reykjavik"]
[Date "2021.05.15"]
[Round "8.4"]
[White "Demchenko, Anton"]
[Black "Thorgeirsson, Jon Kristinn"]
[Result "1-0"]
[WhiteElo "2655"]
[BlackElo "2295"]
[PlyCount "59"]
[EventDate "2019.10.03"]
[EventType "team-tourn"]
[EventRounds "9"]
[EventCountry "ISL"]
[SourceTitle "EXT 2022"]
[Source "ChessBase"]
[SourceDate "2021.10.06"]
[SourceVersion "1"]
[SourceVersionDate "2021.10.06"]
[SourceQuality "1"]
[WhiteTeam "Skakfelag Selfoss"]
[BlackTeam "Skakfelag Akureyrar"]
[WhiteTeamCountry "ISL"]
[BlackTeamCountry "ISL"]

1. e4 e5 2. Nf3 Nc6 3. Bc4 Bc5 4. d3 Nf6 5. Bg5 h6 6. Bh4 d6 7. c3 Qe7 8. Nbd2 Be6 9. b4 Bb6 10. 0-0 g5 11. Bg3 h5 12. h4 gxh4 13. Bxh4 Rg8 14. g3 Qd7 15. a4 a6 16. b5 Na5 17. Bxe6 Qxe6 18. d4 0-0-0 19. Qe2 exd4 20. cxd4 axb5 21. axb5 Rde8 22. Rfe1 d5 23. e5 Ng4 24. Qd3 Nh6 25. Qc3 Nf5 26. Rxa5 Bxa5 27. Qxa5 Kd7 28. Rc1 Rc8 29. Qa4 b6 30. Rc6 1-0

[Event "ISL-ch Online Rapid"]
[Site "Tornelo INT"]
[Date "2020.12.26"]
[Round "4"]
[White "Thorgeirsson, Jon Kristinn"]
[Black "Runarsson, Gunnar Freyr"]
[Result "1-0"]
[WhiteElo "2255"]
[BlackElo "1946"]
[PlyCount "47"]
[EventDate "2020.12.26"]
[EventType "tourn (rapid)"]
[EventRounds "7"]
[EventCountry "ISL"]
[SourceTitle "CBM 199 Extra"]
[Source "ChessBase"]
[SourceDate "2021.01.31"]
[SourceVersion "1"]
[SourceVersionDate "2021.01.31"]
[SourceQuality "1"]

1. e4 e5 2. Nf3 Nf6 3. Bc4 d5 4. exd5 Bd6 5. Nc3 0-0 6. d3 h6 7. Be3 Bg4 8. h3 Bh5 9. g4 Bg6 10. Nh4 Bh7 11. g5 Nfd7 12. Rg1 g6 13. Ne4 h5 14. Qf3 a6 15. 0-0-0 b5 16. Bb3 a5 17. c4 a4 18. Bc2 bxc4 19. dxc4 Na6 20. Nf6+ Kh8 21. Nxh7 Kxh7 22. Nxg6 fxg6 23. Qxh5+ Kg7 24. Qxg6+ 1-0

[Event "ISL-ch Blitz"]
[Site "Tornelo INT"]
[Date "2020.12.12"]
[Round "8"]
[White "Gretarsson, Helgi Ass"]
[Black "Thorgeirsson, Jon Kristinn"]
[Result "1-0"]
[WhiteElo "2440"]
[BlackElo "2255"]
[PlyCount "101"]
[EventDate "2020.12.12"]
[EventType "tourn (blitz)"]
[EventRounds "15"]
[EventCountry "ISL"]
[EventCategory "5"]
[SourceTitle "CBM 199 Extra"]
[Source "ChessBase"]
[SourceDate "2021.01.31"]
[SourceVersion "1"]
[SourceVersionDate "2021.01.31"]
[SourceQuality "1"]

1. d4 e5 2. dxe5 Bc5 3. Nf3 d6 4. Bg5 Ne7 5. Nc3 Nbc6 6. exd6 Bxd6 7. Ne4 h6 8. Nxd6+ cxd6 9. Bf4 Qb6 10. b3 Ng6 11. Be3 Qc7 12. g3 Nb4 13. c4 Bf5 14. Nd4 Bd7 15. Bg2 0-0 16. 0-0 Rfe8 17. Qd2 a5 18. Rfd1 Rad8 19. Rac1 Bc6 20. Nb5 Qe7 21. Nxd6 Bxg2 22. Kxg2 Qe6 23. c5 Ne5 24. h3 Re7 25. a3 Nbc6 26. Qd5 Qg6 27. Bf4 Nd7 28. Qd3 Qe6 29. e4 g5 30. Be3 Nde5 31. Qd5 Qf6 32. f4 gxf4 33. gxf4 Ng6 34. Rf1 Nh4+ 35. Kh1 Qe6 36. Qxe6 Rxe6 37. e5 Kh7 38. Rb1 Rd7 39. b4 axb4 40. axb4 Ne7 41. b5 Nef5 42. Bf2 Nxd6 43. cxd6 Nf5 44. Rfc1 f6 45. Rc7 Rxc7 46. dxc7 Ne7 47. Bd4 fxe5 48. Bxe5 Nc8 49. Rd1 Rb6 50. Rd8 Ne7 51. Rd7 1-0

[Event "ISL-ch Blitz"]
[Site "Tornelo INT"]
[Date "2020.12.12"]
[Round "4"]
[White "Runarsson, Gunnar Freyr"]
[Black "Thorgeirsson, Jon Kristinn"]
[Result "0-1"]
[WhiteElo "1946"]
[BlackElo "2255"]
[PlyCount "74"]
[EventDate "2020.12.12"]
[EventType "tourn (blitz)"]
[EventRounds "15"]
[EventCountry "ISL"]
[EventCategory "5"]
[SourceTitle "CBM 199 Extra"]
[Source "ChessBase"]
[SourceDate "2021.01.31"]
[SourceVersion "1"]
[SourceVersionDate "2021.01.31"]
[SourceQuality "1"]

1. d4 e5 2. dxe5 Bc5 3. Nf3 d6 4. e4 Ne7 5. Nc3 Nbc6 6. Bb5 0-0 7. 0-0 Nxe5 8. Nxe5 dxe5 9. Bg5 c6 10. Bc4 Qc7 11. Qf3 Ng6 12. Qg3 b5 13. Bb3 Kh8 14. Rad1 f6 15. Bc1 f5 16. exf5 Bxf5 17. h4 Nf4 18. Bxf4 exf4 19. Qf3 a5 20. a4 b4 21. Ne4 Be7 22. Ng5 Bf6 23. Qh5 Bg6 24. Qf3 Bxg5 25. hxg5 Rf5 26. Qg4 f3 27. g3 Raf8 28. Rfe1 Re5 29. Re4 Rxe4 30. Qh3 Re2 31. Rd7 Qe5 32. Rd1 Rxf2 33. Bc4 Rxc2 34. Bd3 f2+ 35. Kf1 Bxd3+ 36. Rxd3 Qe1+ 37. Kg2 f1Q# 0-1

[Event "ISL-ch Blitz"]
[Site "Tornelo INT"]
[Date "2020.12.12"]
[Round "3"]
[White "Thorgeirsson, Jon Kristinn"]
[Black "Stefansson, Vignir Vatnar"]
[Result "0-1"]
[WhiteElo "2255"]
[BlackElo "2314"]
[PlyCount "152"]
[EventDate "2020.12.12"]
[EventType "tourn (blitz)"]
[EventRounds "15"]
[EventCountry "ISL"]
[EventCategory "5"]
[SourceTitle "CBM 199 Extra"]
[Source "ChessBase"]
[SourceDate "2021.01.31"]
[SourceVersion "1"]
[SourceVersionDate "2021.01.31"]
[SourceQuality "1"]

1. e4 c5 2. Nf3 Nc6 3. Bb5 g6 4. h4 h5 5. d3 Bg7 6. Bxc6 dxc6 7. Nc3 Bg4 8. Be3 b6 9. Qd2 Bxf3 10. gxf3 e5 11. 0-0-0 Ne7 12. f4 exf4 13. Bxf4 Qd7 14. Kb1 0-0-0 15. Bg3 Kb7 16. Ne2 Rhe8 17. Qf4 f5 18. f3 Rf8 19. Qe3 Qe6 20. Nf4 Qe5 21. c3 fxe4 22. Qxe4 Nf5 23. Ne6 Nxg3 24. Nxd8+ Rxd8 25. Qxe5 Bxe5 26. Rhe1 Bc7 27. Re6 Rd6 28. Re7 Nf5 29. Rf7 Nxh4 30. f4 Nf5 31. Rg1 h4 32. Rh7 Kc8 33. Kc2 a5 34. Re1 Bd8 35. Re8 Rd7 36. Rhh8 Kc7 37. Reg8 Rd6 38. Rh7+ Be7 39. a4 Re6 40. Re8 Kd7 41. Rb8 Re2+ 42. Kb3 Kc7 43. Rg8 Re6 44. Rgh8 b5 45. Rg8 Kb6 46. Rb8+ Kc7 47. Ra8 Re2 48. Rxa5 Re3 49. axb5 Kb6 50. Ra6+ Kxb5 51. Ra7 Kb6 52. Ra8 Rxd3 53. Kc4 Rf3 54. Rhh8 Rxf4+ 55. Kb3 c4+ 56. Ka2 Kc5 57. Rag8 g5 58. Rh7 Bd6 59. Rg6 Kd5 60. Rd7 g4 61. Rg5 h3 62. Rh7 Rf3 63. Rxg4 h2 64. Rh5 Be5 65. Rgg5 Ke4 66. Rg4+ Kd3 67. Rgg5 Rf2 68. Rh3+ Kc2 69. Rgh5 Bd6 70. Rh7 Ne3 71. R7h4 Nd1 72. Rxc4 Kc1 73. Rd4 Rxb2+ 74. Ka1 Rd2 75. Rg4 Ba3 76. Rhh4 Nxc3 0-1

[Event "Kragero op"]
[Site "Kragero"]
[Date "2020.02.21"]
[Round "5"]
[White "Stanford, Sheila Barth"]
[Black "Thorgeirsson, Jon Kristinn"]
[Result "1-0"]
[WhiteElo "2145"]
[BlackElo "2269"]
[PlyCount "65"]
[EventDate "2020.02.19"]
[EventType "swiss"]
[EventRounds "9"]
[EventCountry "NOR"]
[SourceTitle "CBM 195 Extra"]
[Source "ChessBase"]
[SourceDate "2020.05.31"]
[SourceVersion "1"]
[SourceVersionDate "2020.05.31"]
[SourceQuality "1"]

1. e4 e5 2. Nf3 Nc6 3. Bc4 Nf6 4. Ng5 d5 5. exd5 Nd4 6. c3 b5 7. Bf1 Nxd5 8. cxd4 Qxg5 9. Bxb5+ Kd8 10. 0-0 Bb7 11. Qf3 e4 12. Qh3 c6 13. d3 Qg6 14. dxe4 Qxe4 15. Bd3 Qxd4 16. Nc3 Bd6 17. Nxd5 Qxd5 18. Rd1 Re8 19. Be3 Kc7 20. Rac1 Rad8 21. Bc4 Qe4 22. Bxa7 Bf4 23. Qb3 Bxc1 24. Bb6+ Kc8 25. Bxd8 c5 26. Bf1 Bf4 27. Bb6 Qf5 28. h3 Be5 29. Qb5 Qe6 30. Qxc5+ Kb8 31. Ba7+ Ka8 32. Qa5 Qc6 33. Bd4+ 1-0

[Event "ISL-chT1 1920"]
[Site "Reykjavik"]
[Date "2019.10.05"]
[Round "4.5"]
[White "Thorgeirsson, Jon Kristinn"]
[Black "Jensson, Einar Hjalti"]
[Result "1-0"]
[WhiteElo "2295"]
[BlackElo "2338"]
[PlyCount "55"]
[EventDate "2019.10.03"]
[EventType "team-tourn"]
[EventRounds "9"]
[EventCountry "ISL"]
[SourceTitle "CBM 195 Extra"]
[Source "ChessBase"]
[SourceDate "2020.05.31"]
[SourceVersion "1"]
[SourceVersionDate "2020.05.31"]
[SourceQuality "1"]
[WhiteTeam "Skakfelag Akureyrar"]
[BlackTeam "Skakfelagidj Huginn"]
[WhiteTeamCountry "ISL"]
[BlackTeamCountry "ISL"]

1. e4 e5 2. Nf3 Nc6 3. Bc4 Bc5 4. c3 Nf6 5. d4 exd4 6. cxd4 Bb4+ 7. Nc3 Nxe4 8. d5 Bxc3+ 9. bxc3 Na5 10. Bd3 Nf6 11. Qa4 c5 12. Bg5 b6 13. 0-0 h6 14. Rfe1+ Kf8 15. Qh4 Bb7 16. Re5 Kg8 17. Bxf6 Qxf6 18. Rae1 Rf8 19. Qg3 c4 20. Bb1 g6 21. Nd4 Kh7 22. R1e4 d6 23. Rf4 Qg7 24. Re7 Bxd5 25. Nf5 Qf6 26. Re3 Re8 27. Nxh6 Rxe3 28. fxe3 1-0

[Event "Reykjavik op"]
[Site "Reykjavik"]
[Date "2018.03.06"]
[Round "1"]
[White "Thorgeirsson, Jon Kristinn"]
[Black "Marentini, Marcel"]
[Result "1-0"]
[WhiteElo "2298"]
[BlackElo "2024"]
[PlyCount "45"]
[EventDate "2018.03.06"]
[EventType "swiss"]
[EventRounds "9"]
[EventCountry "ISL"]
[SourceTitle "CBM 183 Extra"]
[Source "ChessBase"]
[SourceDate "2018.04.19"]
[SourceVersion "1"]
[SourceVersionDate "2018.04.19"]
[SourceQuality "1"]

1. e4 d6 2. d4 Nf6 3. Nc3 e5 4. f4 exd4 5. Qxd4 Be7 6. Nf3 0-0 7. Be3 c5 8. Qd2 a6 9. Bd3 b5 10. e5 b4 11. Ne4 dxe5 12. Nxf6+ Bxf6 13. fxe5 Be7 14. Rd1 Bb7 15. Qe2 Qc7 16. 0-0 Nc6 17. Bg5 Na5 18. Be4 Rae8 19. Bxe7 Rxe7 20. Bxh7+ Kh8 21. Be4 Re6 22. Ng5 Rh6 23. Rxf7 1-0

[Event "Runavik op"]
[Site "Runavik"]
[Date "2017.11.24"]
[Round "6"]
[White "Malakhatko, Vadim"]
[Black "Thorgeirsson, Jon Kristinn"]
[Result "1-0"]
[WhiteElo "2540"]
[BlackElo "2319"]
[PlyCount "117"]
[EventDate "2017.11.20"]
[EventType "swiss"]
[EventRounds "9"]
[EventCountry "FAI"]
[SourceTitle "CBM 181 Extra"]
[Source "ChessBase"]
[SourceDate "2017.12.12"]
[SourceVersion "1"]
[SourceVersionDate "2017.12.12"]
[SourceQuality "1"]

1. c4 Nf6 2. Nc3 e5 3. e3 Nc6 4. a3 d5 5. cxd5 Nxd5 6. Qc2 a6 7. Nf3 Be6 8. Be2 Be7 9. 0-0 0-0 10. d3 f5 11. Na4 g5 12. Nc5 Bxc5 13. Qxc5 g4 14. Nd2 f4 15. g3 f3 16. Bd1 Qe8 17. Ne4 Qh5 18. h4 gxh3 19. Kh2 Nf6 20. Nxf6+ Rxf6 21. Ba4 Nd8 22. e4 b5 23. Bd1 Nf7 24. a4 b4 25. Qxb4 Rg6 26. Bb3 Bxb3 27. Qxb3 Rd8 28. Qc4 Rgd6 29. Ra3 R8d7 30. b4 Kg7 31. b5 Qg6 32. Be3 h5 33. Qc2 Qg4 34. Rc3 axb5 35. axb5 Qe6 36. Rd1 Qe8 37. Rb1 Qd8 38. Rd1 Qe8 39. Rc5 Qd8 40. Qc4 Qe8 41. d4 Qa8 42. d5 h4 43. Rg1 Rg6 44. g4 Nd6 45. Qc3 Kg8 46. Qxe5 Rdg7 47. g5 Qf8 48. Rg4 Re7 49. Qd4 Qe8 50. Rc6 Nxb5 51. Rxg6+ Qxg6 52. Qf6 Qg7 53. Bc5 Re8 54. Kxh3 Qxf6 55. gxf6+ Kf7 56. Be7 Rg8 57. Rxg8 Kxg8 58. e5 Kf7 59. e6+ 1-0

[Event "ISL-chT 1718"]
[Site "Reykjavik"]
[Date "2017.10.20"]
[Round "2.3"]
[White "Thorgeirsson, Jon Kristinn"]
[Black "Arnarson, Sigurdur"]
[Result "1-0"]
[WhiteElo "2276"]
[BlackElo "2033"]
[PlyCount "37"]
[EventDate "2017.10.19"]
[EventType "team-tourn"]
[EventRounds "9"]
[EventCountry "ISL"]
[SourceTitle "CBM 181 Extra"]
[Source "ChessBase"]
[SourceDate "2017.12.12"]
[SourceVersion "1"]
[SourceVersionDate "2017.12.12"]
[SourceQuality "1"]
[WhiteTeam "Akureyri"]
[BlackTeam "Akureyri II"]
[WhiteTeamCountry "ISL"]
[BlackTeamCountry "ISL"]

1. d4 d6 2. c4 g6 3. Nc3 Bg7 4. g3 Nf6 5. Bg2 0-0 6. Nf3 Nbd7 7. 0-0 e5 8. e4 c5 9. dxe5 dxe5 10. Qc2 b6 11. Rd1 Qe7 12. Bg5 Bb7 13. Bh3 Rfd8 14. Qa4 h6 15. Rxd7 Rxd7 16. Bxf6 Qxf6 17. Qxd7 Bxe4 18. Nxe4 Qxf3 19. Bg2 1-0

[Event "EU-ch U18 27th"]
[Site "Mamaia"]
[Date "2017.09.14"]
[Round "9"]
[White "Thorgeirsson, Jon Kristinn"]
[Black "Lagunow, Raphael"]
[Result "0-1"]
[WhiteElo "2232"]
[BlackElo "2357"]
[PlyCount "38"]
[EventDate "2017.09.05"]
[EventType "swiss"]
[EventRounds "9"]
[EventCountry "ROU"]
[SourceTitle "EXT 2018"]
[Source "ChessBase"]
[SourceDate "2017.10.13"]
[SourceVersion "1"]
[SourceVersionDate "2017.10.13"]
[SourceQuality "1"]

1. d4 d5 2. c4 c6 3. Nf3 Nf6 4. Nc3 e6 5. e3 Nbd7 6. Qc2 Bd6 7. Bd3 0-0 8. 0-0 dxc4 9. Bxc4 b5 10. Bd3 Bb7 11. e4 e5 12. dxe5 Nxe5 13. Nxe5 Bxe5 14. f4 Bd4+ 15. Kh1 Ng4 16. Nd1 Nxh2 17. Ne3 Nxf1 18. Nxf1 Qh4+ 19. Nh2 Bf2 0-1

[Event "EU-ch U18 27th"]
[Site "Mamaia"]
[Date "2017.09.07"]
[Round "3"]
[White "Haug, Johannes"]
[Black "Thorgeirsson, Jon Kristinn"]
[Result "1-0"]
[WhiteElo "2379"]
[BlackElo "2232"]
[PlyCount "41"]
[EventDate "2017.09.05"]
[EventType "swiss"]
[EventRounds "9"]
[EventCountry "ROU"]
[SourceTitle "EXT 2018"]
[Source "ChessBase"]
[SourceDate "2017.10.13"]
[SourceVersion "1"]
[SourceVersionDate "2017.10.13"]
[SourceQuality "1"]

1. d4 Nf6 2. c4 g6 3. Nc3 Bg7 4. Nf3 0-0 5. g3 d6 6. Bg2 Nc6 7. 0-0 e5 8. d5 Ne7 9. e4 Ne8 10. Ne1 f5 11. f4 fxe4 12. Nxe4 Nf5 13. fxe5 Bxe5 14. Nf3 Nf6 15. Nxe5 Nxe4 16. Nxg6 Nexg3 17. Nxf8 Nxf1 18. Ne6 Bxe6 19. Qg4+ Kh8 20. dxe6 Qf6 21. Bg5 1-0